Acuerdos de traspaso de servicios de las Diputaciones Catalanas a la Mancomunidad / Mancomunidad de Catalunya
Descripción Física:
23 p. ; 22 cm
MARC
| LEADER | 00000nam a2200000Ia 4500 | ||
|---|---|---|---|
| 001 | 499 | ||
| 008 | 160829s1920 xx 000 0 cat d | ||
| 080 | |a RF-4-18 | ||
| 110 | 2 | |a Catalunya. |b Mancomunitat |9 53015 | |
| 245 | |a Acuerdos de traspaso de servicios de las Diputaciones Catalanas a la Mancomunidad / Mancomunidad de Catalunya | ||
| 250 | |a Ed. en castellano | ||
| 260 | |a Barcelona : |b (Imp. Casa de Caridad), |c 1920 | ||
| 300 | |a 23 p. ; |c 22 cm | ||
| 590 | |a Hi ha un duplicat a: DUP-62 | ||
| 650 | |a Catalunya. Mancomunitat |x Traspassos de serveis |9 20447 | ||
| 856 | 4 | |u https://media.diba.cat/diba/fitxers/arxiu/fulletons/bib_499_1920_baixa.pdf |y Accés lliure | |
| 856 | 4 | |u https://media.diba.cat/diba/fitxers/arxiu/fulletons/bib_499_1920_baixa.pdf |y Accés lliure | |
| 901 | |a Arxiu | ||
| 942 | |n 1 |2 udc | ||
| 952 | |0 0 |1 0 |4 0 |6 RF418 |7 1 |9 48099 |a Arxiu |b Arxiu |d 2016-12-01 |l 0 |o RF-4-18 |p 499 |r 2016-12-01 00:00:00 |w 2016-12-01 |y ARXIU | ||
| 999 | |c 51902 |d 51902 | ||
| 900 | |a bib_499_1920_baixa.pdf | ||